Países que contienen la letra Z - Estadísticas

Estadísticas generales
  • Esta prueba ha sido intentada 34 veces
  • La puntuación promedio es 9 de 12
Estadísticas de respuestas
País % Correcto
Suiza
90%
Zambia
90%
Nueva Zelanda
83%
Tanzania
83%
Uzbekistán
83%
Zimbabue
83%
Mozambique
77%
Azerbaiyán
73%
Venezuela
73%
Kazajistán
70%
Túnez
70%
Bosnia y Herzegovina
60%
No se encontraron pruebas coincidentes
Distribución de puntuación
Porcentaje de gente con cada puntuación
Porcentaje por número respondido
Historial de tus puntuaciones
No has intentado esta prueba.